| 000 | 01256nam1a22002531i 4500 | ||
|---|---|---|---|
| 001 | rc\4932289 | ||
| 005 | 20240724143120.0 | ||
| 035 | _a(NLR Aleph) 008846885 | ||
| 090 |
_a8376510 _c8376510 |
||
| 100 | _a20130426d1963 |||y0rusy50 ca | ||
| 101 | 0 | _arus | |
| 102 | _aRU | ||
| 105 | _a z ||||| | ||
| 200 | 1 |
_aРемонт турбореактивного двигателя _eКн. 3- |
|
| 210 |
_aМосква _cОборонгиз _d1963 |
||
| 215 | _d27 | ||
| 300 | _aИзд-во: Кн. 3, 6 - "Машиностроение" | ||
| 311 | _aПрил.: Технологическое дополнение № 1/[Сост. Н.Г. Астафуров, А.П. Ильин, И.П. Базанов] [и др.]., 1964 | ||
| 333 | _aПродаже не подлежит | ||
| 421 | 0 |
_11010#$arus _12001#$aТехнологическое дополнение № 1$f[Сост. Н.Г. Астафуров, А.П. Ильин, И.П. Базанов] [и др.] _1210##$d1964 _1215##$a161 с.$cчерт. _1702#1$aАстафуров$bН.Г.$4220 _1702#1$aИльин$bА.П.$4220 _1702#1$aБазанов$bИ.П.$4220 _tТехнологическое дополнение № 1 |
|
| 801 | 0 |
_aRU _bNLR _gpsbo |
|
| 801 | 1 |
_aRU _bELAR _2rusmarc |
|
| 852 |
_aNLR _j63-7/2548 |
||
| 942 | _cBOOK | ||